Every player to have made an England squad under Gareth Southgate - Statistics

General Stats
  • This quiz has been taken 36 times
  • The average score is 61 of 110
Answer Stats
Caps Under Southgate Player % Correct
81 Harry Kane
96%
63 Harry Maguire
93%
68 John Stones
93%
68 Jordan Pickford
93%
70 Kyle Walker
93%
5 Aaron Ramsdale
89%
1 Dean Henderson
89%
59 Declan Rice
89%
52 Jordan Henderson
89%
54 Kieran Trippier
89%
28 Luke Shaw
89%
57 Marcus Rashford
89%
41 Phil Foden
89%
40 Bukayo Saka
85%
36 Jude Bellingham
85%
55 Raheem Sterling
85%
7 Eberechi Eze
81%
36 Jack Grealish
81%
29 Trent Alexander-Arnold
81%
4 Wayne Rooney
81%
9 Cole Palmer
78%
23 Jadon Sancho
78%
9 Kobbie Mainoo
78%
17 Marc Guehi
78%
15 Ollie Watkins
78%
1 Adam Wharton
74%
4 Anthony Gordon
74%
0 Curtis Jones
74%
21 Danny Rose
74%
37 Eric Dier
74%
15 Jamie Vardy
74%
15 Joe Gomez
74%
31 Kalvin Phillips
74%
36 Mason Mount
74%
7 Phil Jones
74%
32 Jesse Lingard
70%
10 Nick Pope
70%
16 Reece James
70%
7 Adam Lallana
67%
13 Gary Cahill
67%
6 Ivan Toney
67%
7 James Maddison
67%
6 Lewis Dunk
67%
18 Tyrone Mings
67%
18 Conor Gallagher
63%
24 Dele Alli
63%
10 Jarrod Bowen
63%
21 Ben Chilwell
59%
4 Ben White
59%
7 Ezri Konsa
59%
5 Fikayo Tomori
59%
9 Callum Wilson
56%
2 Chris Smalling
56%
10 Conor Coady
56%
11 Joe Hart
56%
10 Ruben Loftus-Cheek
56%
4 Sam Johnstone
56%
11 Alex Oxlade-Chamberlain
52%
8 Danny Welbeck
52%
1 Dominic Solanke
48%
2 James Tarkowski
48%
11 James Ward-Prowse
48%
1 Jarrad Branthwaite
48%
3 Theo Walcott
48%
3 Callum Hudson-Odoi
44%
2 Danny Ings
44%
11 Fabian Delph
44%
1 Harvey Barnes
44%
0 Jack Wilshere
44%
6 Jake Livermore
44%
1 Mason Greenwood
44%
1 Patrick Bamford
44%
11 Tammy Abraham
44%
3 Aaron Cresswell
41%
9 Ashley Young
41%
10 Harry Winks
41%
0 James Trafford
41%
1 Levi Colwill
41%
1 Phil Jagielka
41%
4 Daniel Sturridge
37%
3 Emile Smith-Rowe
37%
0 Fraser Forster
37%
5 Jack Butland
37%
0 Kieran Gibbs
37%
1 Nathaniel Clyne
37%
1 Rico Lewis
37%
11 Ross Barkley
37%
10 Ryan Bertrand
37%
2 Tom Heaton
37%
2 Tyrick Mitchell
37%
1 Jack Cork
33%
2 Kyle Walker-Peters
33%
1 Lewis Cook
33%
12 Michael Keane
33%
1 Alex McCarthy
30%
1 James Justin
30%
0 Jarrell Quansah
30%
1 Nathaniel Chalobah
30%
5 Ainsley Maitland-Niles
26%
1 Eddie Nketiah
26%
2 Jermain Defoe
26%
2 Andros Townsend
22%
0 Michail Antonio
22%
0 Demarai Gray
15%
0 Angus Gunn
11%
0 Ben Gibson
11%
1 Nathan Redmond
11%
0 Marcus Bettinelli
7%
0 Alfie Mawson
4%
2 Ben Godrey
0%
No matching quizzes found
Score Distribution
Percent of People with Each Score
Percentile by Number Answered
Your Score History
You have not taken this quiz